[Event "CONTINENTAL FEMENINO AMERICA 2"]
[Site ""]
[Date "2009.09.02"]
[Round "2"]
[Board "1"]
[White "Fandino Reyes, Roquelina"]
[Black "Fierro Baquero, Martha L"]
[Result "0-1"]
[WhiteElo "2199"]
[BlackElo "2386"]
[PlyCount "104"]
[EventDate "2009.09.01"]
[EventRounds "9"]
[EventCountry "COL"]

1.Nf3 g6 2.g3 Nf6 3.Bg2 Bg7 4.O-O O-O 5.d4 d6 6.c4 Nc6 7.Nc3 e5 8.d5 Ne7 9.e4
Nd7 10.b4 a5 11.Ba3 h6 12.Nd2 f5 13.f3 axb4 14.Bxb4 fxe4 15.fxe4 c5 16.dxc6 Qb6+
17.Kh1 Qxb4 18.cxd7 Rxf1+ 19.Nxf1 Bxd7 20.Nd5 Nxd5 21.cxd5 b5 22.Nd2 h5 23.Nb3
Bh6 24.Qc2 Qc4 25.Qb2 Bg4 26.h3 Bd7 27.Qf2 Qd3 28.Nd2 Qc3 29.Nb3 Rf8 30.Qe1 Qd3
31.Nc1 Qc2 32.Ne2 Be3 33.Qd1 Qxd1+ 34.Rxd1 Ra8 35.Nc1 Rc8 36.Nd3 Rc2 37.Nb4 Rb2
38.a3 Rb3 39.Bf1 Bc5 40.Na6 Bxa3 41.Kh2 Rb2+ 42.Kh1 b4 43.Ra1 Rc2 44.Rb1 Rf2
45.Bg2 Rf8 46.Kh2 Kg7 47.Kg1 g5 48.Kh2 g4 49.h4 Rc8 50.Bf1 Be8 51.Be2 Bg6 52.Rb3
Rc3

[Event "CONTINENTAL FEMENINO AMERICA 2"]
[Site ""]
[Date "2009.09.02"]
[Round "2"]
[Board "1"]
[White "Cori T, Deysi"]
[Black "Hernandez Guerrero, Yadira"]
[Result "1-0"]
[WhiteElo "2361"]
[BlackElo "2199"]
[PlyCount "83"]
[EventDate "2009.09.01"]
[EventRounds "9"]
[EventCountry "COL"]

1.d4 Nf6 2.c4 e6 3.Nf3 Bb4+ 4.Bd2 c5 5.e3 O-O 6.Be2 b6 7.O-O Bb7 8.dxc5 Bxc5
9.Nc3 Nc6 10.Rc1 Be7 11.a3 Rc8 12.Na4 Ne4 13.b4 d6 14.Nc3 Ne5 15.Nxe4 Bxe4
16.Nxe5 dxe5 17.Bc3 Qc7 18.Qb3 Rfd8 19.Rfd1 Ba8 20.Qb2 Qb7 21.Bf3 e4 22.Be2 Bf8
23.Bd4 Rd7 24.Qc2 Qc6 25.Qb3 Qc7 26.h3 Rcd8 27.a4 e5 28.Bc3 g6 29.Rxd7 Rxd7
30.Qb2 Bg7 31.a5 h5 32.Qa3 Bc6 33.a6 Rd8 34.b5 Bd7 35.c5 bxc5 36.Ba5 Qc8 37.Bxd8
Qxd8 38.Qxc5 Qg5 39.Kf1 Bf8 40.Qxa7 Be6 41.Qa8 Qh4 42.a7

[Event "CONTINENTAL FEMENINO AMERICA 2"]
[Site ""]
[Date "2009.09.02"]
[Round "2"]
[Board "1"]
[White "Arribas Robaina, Maritza"]
[Black "Chirivi C, Yenny Astrid"]
[Result "1-0"]
[WhiteElo "2328"]
[BlackElo "2195"]
[PlyCount "155"]
[EventDate "2009.09.01"]
[EventRounds "9"]
[EventCountry "COL"]

1.e4 c5 2.Nf3 e6 3.Nc3 a6 4.g3 Nc6 5.Bg2 Qc7 6.O-O d6 7.d3 Nge7 8.b3 Nd4 9.Nxd4
cxd4 10.Ne2 Nc6 11.Bb2 e5 12.c3 dxc3 13.Bxc3 g6 14.d4 Bg7 15.d5 Ne7 16.Rc1 Qb6
17.Kh1 O-O 18.Bd2 f5 19.Be3 Qd8 20.f3 Bd7 21.Qd2 Bb5 22.a4 f4 23.gxf4 Bxe2
24.Qxe2 exf4 25.Bf2 Qd7 26.Rfe1 g5 27.Bb6 Rac8 28.h4 gxh4 29.Qf1 Rxc1 30.Rxc1
Rc8 31.Kh2 Rxc1 32.Qxc1 Qc8 33.Qxc8+ Nxc8 34.Bd8 Kf7 35.Bxh4 Ne7 36.Bh3 Ng6
37.Bf2 Ne5 38.Kg2 Nd3 39.Bb6 Nc1 40.Bc8 Nxb3 41.Bxb7 a5 42.Kh3 Be5 43.Ba6 Kf6
44.Bd8+ Kg6 45.Bc4 Nc5 46.Bb5 Nb3 47.Be8+ Kg7 48.Kg4 Kf8 49.Bb5 h6 50.Bc4 Nc5
51.Bxa5 Nxa4 52.Bd2 Kg7 53.Bxf4 Bxf4 54.Kxf4 Kf6 55.Ke3 Nc5 56.Kd4 Nd7 57.f4 Ke7
58.Be2 Nc5 59.Bd1 Nd7 60.e5 Nf8 61.Ke4 Nd7 62.Kf5 Nb6 63.Be2 Nd7 64.Bb5 Nc5
65.Kg6 Ne4 66.Kxh6 Nc3 67.Bc4 Nd1 68.Kg6 Ne3 69.Bb3 Ng4 70.Bd1 Ne3 71.Bf3 Nc4
72.e6 Nd2 73.Bg2 Nc4 74.f5 Ne5+ 75.Kg5 Nd3 76.f6+ Kf8 77.Bf3 Ne5 78.e7+

[Event "CONTINENTAL FEMENINO AMERICA 2"]
[Site ""]
[Date "2009.09.02"]
[Round "2"]
[Board "1"]
[White "Morales Mendoza, Luciana"]
[Black "Lujan, Carolina"]
[Result "1/2-1/2"]
[WhiteElo "2172"]
[BlackElo "2295"]
[PlyCount "55"]
[EventDate "2009.09.01"]
[EventRounds "9"]
[EventCountry "COL"]

1.d4 Nf6 2.Bg5 Ne4 3.Bf4 d5 4.e3 g6 5.Bd3 Nf6 6.Nf3 Bg7 7.Nbd2 O-O 8.h3 c5 9.c3
Nc6 10.O-O Nd7 11.a3 a5 12.Bb5 Qb6 13.a4 Na7 14.Bxd7 Bxd7 15.Qb3 Qxb3 16.Nxb3 c4
17.Nc5 Bc6 18.e4 dxe4 19.Nd2 Nc8 20.Nxc4 b6 21.Nb3 Bd5 22.Nbd2 Ra7 23.Ne3 Bb7
24.Bb8 Ra8 25.Bc7 f5 26.Nec4 Ba6 27.Rfb1 Bh6 28.b3

[Event "CONTINENTAL FEMENINO AMERICA 2"]
[Site ""]
[Date "2009.09.02"]
[Round "2"]
[Board "1"]
[White "Vasquez Ramirez, Rocio"]
[Black "Franco Valencia, Beatriz Irene"]
[Result "1-0"]
[WhiteElo "2285"]
[BlackElo "2188"]
[PlyCount "103"]
[EventDate "2009.09.01"]
[EventRounds "9"]
[EventCountry "COL"]

1.e4 e5 2.f4 exf4 3.Nf3 d6 4.Bc4 Be7 5.O-O Nc6 6.d4 g5 7.c3 h6 8.b4 a6 9.Qb3 Rh7
10.e5 g4 11.e6 fxe6 12.Bxe6 Nf6 13.Ne1 Bxe6 14.Qxe6 Qd7 15.Qxd7+ Kxd7 16.Bxf4
Nd5 17.a3 Nxf4 18.Rxf4 h5 19.Ra2 Bg5 20.Re4 d5 21.Ree2 Rf8 22.g3 Rhf7 23.Kg2 h4
24.gxh4 Bxh4 25.Nd3 b6 26.a4 Rf3 27.Rad2 Kd6 28.b5 axb5 29.axb5 Ne7 30.Ne5 Rf1
31.c4 dxc4 32.Nc3 c6 33.bxc6 Nxc6 34.Nb5+ Kd5 35.Nd7 R8f2+ 36.Rxf2 Rxf2+ 37.Rxf2
Bxf2 38.Nxb6+ Ke4 39.Kxf2 Kd3 40.d5 Nd8 41.Na4 Ke4 42.Nac3+ Ke5 43.Kg3 Kf5
44.Nd4+ Kf6 45.Kxg4 Nf7 46.Nc6 Nd6 47.Kf4 Nc8 48.Ne4+ Kg6 49.Ne5+ Kh5 50.Kg3 Ne7
51.d6 Nf5+ 52.Kh3

[Event "CONTINENTAL FEMENINO AMERICA 2"]
[Site ""]
[Date "2009.09.02"]
[Round "2"]
[Board "1"]
[White "Linares Napoles, Oleiny"]
[Black "Franco Valencia, Angela Maria"]
[Result "1-0"]
[WhiteElo "2265"]
[BlackElo "2170"]
[PlyCount "93"]
[EventDate "2009.09.01"]
[EventRounds "9"]
[EventCountry "COL"]

1.e4 e5 2.Nf3 Nc6 3.Bb5 a6 4.Ba4 d6 5.c3 Bd7 6.O-O Nge7 7.Re1 Ng6 8.d4 Be7
9.Nbd2 h6 10.b4 Bg5 11.Rb1 b5 12.Bb3 Nf4 13.Nf1 Qf6 14.Bxf4 Bxf4 15.Ne3 Bxe3
16.Rxe3 O-O 17.Qd2 Rad8 18.h3 Rfe8 19.Rbe1 g5 20.Nxg5 hxg5 21.Rf3 Qh6 22.Bxf7+
Kg7 23.Bxe8 Rxe8 24.Rg3 g4 25.Qxh6+ Kxh6 26.d5 Ne7 27.hxg4 Kg5 28.Rh3 Bxg4
29.Rh2 Bh5 30.a4 bxa4 31.Ra1 Be2 32.Rxa4 c6 33.dxc6 Rc8 34.Rh7 Kf6 35.f3 Rxc6
36.Kf2 Bb5 37.Ra3 Rc7 38.Rh8 Nc8 39.Rd8 Ke7 40.Rh8 Kf6 41.Ra1 Rxc3 42.Rah1 Rc2+
43.Kg3 Ke6 44.R8h7 Kf6 45.R1h6+ Kg5 46.Rh5+ Kg6 47.Kh4

[Event "CONTINENTAL FEMENINO AMERICA 2"]
[Site ""]
[Date "2009.09.02"]
[Round "2"]
[Board "1"]
[White "Heredia Serrano, Carla"]
[Black "Marrero Lopez, Yaniet"]
[Result "1/2-1/2"]
[WhiteElo "2152"]
[BlackElo "2259"]
[PlyCount "45"]
[EventDate "2009.09.01"]
[EventRounds "9"]
[EventCountry "COL"]

1.e4 e5 2.Nf3 Nc6 3.Bc4 Nf6 4.Ng5 d5 5.exd5 Na5 6.Bb5+ Bd7 7.Qe2 Bd6 8.Nc3 O-O
9.Bxd7 Qxd7 10.Nce4 Be7 11.Nxf6+ Bxf6 12.Ne4 Be7 13.Nc3 c6 14.O-O cxd5 15.Qxe5
Rad8 16.Nxd5 Qxd5 17.Qxe7 Rfe8 18.Qh4 Nc6 19.c3 Qd3 20.Qg3 Ne5 21.Qxd3 Nxd3
22.b3 Re2 23.a4

[Event "CONTINENTAL FEMENINO AMERICA 2"]
[Site ""]
[Date "2009.09.02"]
[Round "2"]
[Board "1"]
[White "Sanchez Castillo, Sarai"]
[Black "Mateus, Martha"]
[Result "1-0"]
[WhiteElo "2224"]
[BlackElo "2143"]
[PlyCount "105"]
[EventDate "2009.09.01"]
[EventRounds "9"]
[EventCountry "COL"]

1.e4 c5 2.Nf3 d6 3.d4 cxd4 4.Nxd4 Nf6 5.Nc3 a6 6.Bg5 e6 7.f4 Be7 8.Qe2 h6 9.Bxf6
Bxf6 10.O-O-O Qc7 11.f5 O-O 12.fxe6 fxe6 13.Qc4 Qf7 14.Nf3 b5 15.Qd3 Bb7 16.Qxd6
Bxc3 17.bxc3 Nc6 18.Bd3 Rad8 19.Qg3 e5 20.Kb1 Qc7 21.Rhf1 Bc8 22.Nh4 Ne7 23.Kb2
Be6 24.Nf5 Bxf5 25.exf5 Nd5 26.Be2 Nf6 27.Rxd8 Rxd8 28.Rd1 Rc8 29.Qe3 e4 30.h3
Qe5 31.g4 b4 32.Qd4 bxc3+ 33.Ka1 Qh2 34.Bc4+ Kh7 35.Qxc3 Qc7 36.Rd4 Qc5 37.Qe3
Rb8 38.c3 Qa3 39.Qd2 e3 40.Qc2 a5 41.h4 Kh8 42.g5 Ne8 43.f6 gxf6 44.Rd7 Ng7
45.gxh6 Nf5 46.Rh7+ Kxh7 47.Qxf5+ Kxh6 48.Qxf6+ Kh7 49.Qf5+ Kg7 50.Qe5+ Kh6
51.Qg5+ Kh7 52.Bd3+ Kh8 53.Qe5+

[Event "CONTINENTAL FEMENINO AMERICA 2"]
[Site ""]
[Date "2009.09.02"]
[Round "2"]
[Board "1"]
[White "Orozco, Luz Elena"]
[Black "Ortiz, Nadya Karolina"]
[Result "1-0"]
[WhiteElo "2118"]
[BlackElo "2218"]
[PlyCount "95"]
[EventDate "2009.09.01"]
[EventRounds "9"]
[EventCountry "COL"]

1.e4 c5 2.Nf3 e6 3.d4 cxd4 4.Nxd4 a6 5.Nc3 Qc7 6.f4 Nc6 7.Nxc6 Qxc6 8.Bd3 b5
9.Qe2 Bb7 10.Bd2 Be7 11.a3 Rc8 12.O-O h5 13.e5 Qc7 14.f5 Bc5+ 15.Kh1 Ne7 16.fxe6
dxe6 17.Be4 Nc6 18.Bf4 Rd8 19.Qf3 Bd4 20.Qg3 g6 21.Rad1 Ne7 22.Rd3 Bxc3 23.Rxc3
Qb8 24.Qf3 Bxe4 25.Qxe4 Nd5 26.Rb3 Nxf4 27.Qxf4 O-O 28.Rh3 Kh7 29.Qg5 f6 30.exf6
Rf7 31.Rhf3 Rd5 32.Qe3 Qd6 33.h3 Rf5 34.g4 Re5 35.Qf2 Qc6 36.Kg1 Rg5 37.Rg3 Qd6
38.Rg2 Qd5 39.Re1 a5 40.Rf1 a4 41.Re1 Kg8 42.Qf4 Qc5+ 43.Kh2 hxg4 44.hxg4 Qd5
45.Re3 Rb7 46.Kg3 Kf8 47.Rh2 Kg8 48.Rd3

[Event "CONTINENTAL FEMENINO AMERICA 2"]
[Site ""]
[Date "2009.09.02"]
[Round "2"]
[Board "1"]
[White "Castrillon Gomez, Melissa"]
[Black "Llaudy Pupo, Lisandra"]
[Result "1-0"]
[WhiteElo "2031"]
[BlackElo "2212"]
[PlyCount "61"]
[EventDate "2009.09.01"]
[EventRounds "9"]
[EventCountry "COL"]

1.e4 Nf6 2.e5 Nd5 3.d4 d6 4.c4 Nb6 5.f4 dxe5 6.fxe5 Nc6 7.Be3 Bf5 8.Nc3 e6 9.Nf3
Be7 10.d5 exd5 11.cxd5 Nb4 12.Nd4 Bd7 13.Qf3 c5 14.dxc6 bxc6 15.Be2 O-O 16.O-O
N6d5 17.Bf2 Qc7 18.Qe4 Rae8 19.Nxd5 Nxd5 20.Bd3 g6 21.Rac1 Qb7 22.Nb3 Qb8 23.Nc5
Bf5 24.Qf3 Bxd3 25.Qxd3 Rd8 26.e6 Qxb2 27.Nd7 Nb6 28.Bd4 Qb4 29.Rxf7 Rxd7
30.Rg7+ Kh8 31.Rxh7+

[Event "CONTINENTAL FEMENINO AMERICA 2"]
[Site ""]
[Date "2009.09.02"]
[Round "2"]
[Board "1"]
[White "Salazar, Dirsa Marcela"]
[Black "Amura, Claudia"]
[Result "0-1"]
[WhiteElo "1946"]
[BlackElo "2335"]
[PlyCount "96"]
[EventDate "2009.09.01"]
[EventRounds "9"]
[EventCountry "COL"]

1.e4 c5 2.Nf3 Nc6 3.d4 cxd4 4.Nxd4 e5 5.Nb5 a6 6.Nd6+ Bxd6 7.Qxd6 Qf6 8.Qd2 Qg6
9.f3 Nge7 10.Qg5 d5 11.Qxg6 hxg6 12.Bd3 d4 13.Nd2 Be6 14.a3 O-O-O 15.Nc4 b5
16.Nd2 Kb7 17.Ke2 Kb6 18.c4 Ra8 19.b4 g5 20.Bb2 Ng6 21.g3 Rh6 22.Kf2 Nge7
23.cxb5 axb5 24.Rac1 Rah8 25.Kg1 Nc8 26.f4 gxf4 27.gxf4 exf4 28.Nf3 Rd8 29.Kf2
f6 30.Rc5 N8a7 31.Rhc1 Rd6 32.Kg1 Rh3 33.Ne1 Ne5 34.Rd1 Re3 35.Bb1 Bg4 36.Rdc1
Rb3 37.Ba1 Rxa3 38.Bc2 Nac6 39.Bb2 Re3 40.Ng2 Nxb4 41.Bb1 Rb3 42.Ba1 Rxb1
43.Rxb5+ Kxb5 44.Rxb1 g5 45.Kf2 Bf3 46.h4 Bxe4 47.Rd1 Ng4+ 48.Kg1 Bxg2

[Event "CONTINENTAL FEMENINO AMERICA 2"]
[Site ""]
[Date "2009.09.02"]
[Round "2"]
[Board "1"]
[White "Gutierrez, Leonela"]
[Black "Ordaz Valdes, Lisandra"]
[Result "0-1"]
[WhiteElo "1920"]
[BlackElo "2283"]
[PlyCount "66"]
[EventDate "2009.09.01"]
[EventRounds "9"]
[EventCountry "COL"]

1.e4 e5 2.Nf3 Nf6 3.Nxe5 d6 4.Nf3 Nxe4 5.Nc3 Nxc3 6.dxc3 Be7 7.Be3 Nc6 8.Qd2 Be6
9.Bd3 Ne5 10.Nd4 Nxd3+ 11.Qxd3 O-O 12.O-O-O Qd7 13.Kb1 Bf6 14.f4 Rfe8 15.Rde1
Bd5 16.Rhg1 Be4 17.Qd2 c5 18.Nb3 b6 19.g4 d5 20.g5 Be7 21.h4 Rad8 22.Qf2 Qf5
23.h5 a5 24.Nc1 Rc8 25.Re2 b5 26.Nb3 b4 27.cxb4 d4 28.Bxd4 cxd4 29.Nxd4 Qd5
30.Nb3 Bxb4 31.h6 Red8 32.Kc1 a4 33.Na1 Qxa2

[Event "CONTINENTAL FEMENINO AMERICA 2"]
[Site ""]
[Date "2009.09.02"]
[Round "2"]
[Board "1"]
[White "Aliaga Fernandez, Ingrid Y"]
[Black "Mesa, Brenda Sofia"]
[Result "1-0"]
[WhiteElo "2140"]
[BlackElo "1894"]
[PlyCount "88"]
[EventDate "2009.09.01"]
[EventRounds "9"]
[EventCountry "COL"]

1.e4 c5 2.Nf3 d6 3.c4 Nf6 4.Nc3 g6 5.d4 cxd4 6.Nxd4 Bg7 7.Be2 O-O 8.Be3 Nc6
9.O-O Bd7 10.Kh1 Rc8 11.Rc1 Ne5 12.b3 b6 13.h3 Re8 14.Qd2 Bc6 15.f4 Ned7 16.Nxc6
Rxc6 17.Bf3 Rc8 18.Rcd1 Nc5 19.Rde1 Qc7 20.Bd4 Rcd8 21.Bxf6 Bxf6 22.Nd5 Qd7
23.Nxf6+ exf6 24.b4 Ne6 25.e5 fxe5 26.fxe5 Nf8 27.exd6 Rxe1 28.Qxe1 Ne6 29.Qd2
Ng7 30.c5 bxc5 31.bxc5 Nf5 32.Bg4 Ng3+ 33.Kh2 f5 34.Kxg3 fxg4 35.Qd5+ Kg7 36.c6
Qc8 37.d7 Qc7+ 38.Qd6 Qa5 39.c7 Qc3+ 40.Kh2 g3+ 41.Qxg3 Qa5 42.cxd8=Q Qxd8
43.Qe5+ Kh6 44.Qf4+ Kg7

[Event "CONTINENTAL FEMENINO AMERICA 2"]
[Site ""]
[Date "2009.09.02"]
[Round "2"]
[Board "1"]
[White "Chavez, Diana Maria"]
[Black "Ubaldo Suarez, Maria Gisela"]
[Result "0-1"]
[WhiteElo "1884"]
[BlackElo "2120"]
[PlyCount "106"]
[EventDate "2009.09.01"]
[EventRounds "9"]
[EventCountry "COL"]

1.d4 d5 2.Nf3 c6 3.a4 Bf5 4.c4 e6 5.Nc3 Nf6 6.Bg5 Be7 7.e3 h6 8.Bh4 Nbd7 9.Rc1
O-O 10.Bd3 Bxd3 11.Qxd3 dxc4 12.Qxc4 Qa5 13.O-O Nb6 14.Qb3 Rfe8 15.Rfd1 Rac8
16.Ne5 g5 17.Bg3 Nfd5 18.Nc4 Nxc4 19.Qxc4 Nb6 20.Qb3 Bb4 21.Ne4 Red8 22.Be5 Be7
23.Nc3 Qb4 24.Qxb4 Bxb4 25.Bf6 Rd7 26.Ne4 Nd5 27.b3 Kh7 28.h4 g4 29.h5 Be7
30.Bxe7 Rxe7 31.Ng3 Rg8 32.e4 Nf4 33.Rc5 Rg5 34.Kh2 Rd7 35.Rxg5 hxg5 36.e5 Kh6
37.Ne4 Nxh5 38.g3 Kg6 39.Kg2 Ng7 40.Nf6 Rd8 41.Nxg4 Nf5 42.Rh1 Rxd4 43.Nf6 Nh6
44.Rb1 Kf5 45.Rh1 Ng4 46.Nxg4 Rxg4 47.Rh7 Kg6 48.Rh8 Rb4 49.Rg8+ Kf5 50.Rg7 Rxb3
51.Rxf7+ Kxe5 52.a5 a6 53.g4 Kd6

[Event "CONTINENTAL FEMENINO AMERICA 2"]
[Site ""]
[Date "2009.09.02"]
[Round "2"]
[Board "1"]
[White "Salazar, Aura Cristina"]
[Black "Felix Vega, Aurora Edith"]
[Result "1-0"]
[WhiteElo "2069"]
[BlackElo "1833"]
[PlyCount "105"]
[EventDate "2009.09.01"]
[EventRounds "9"]
[EventCountry "COL"]

1.e4 c5 2.Nf3 Nc6 3.d4 cxd4 4.Nxd4 Nf6 5.Nc3 e5 6.Ndb5 d6 7.Bg5 a6 8.Na3 b5
9.Nd5 Be7 10.Bxf6 Bxf6 11.c3 O-O 12.Nc2 Bg5 13.a4 bxa4 14.Rxa4 a5 15.Bc4 Rb8
16.b3 Kh8 17.Qe2 f5 18.h4 Bh6 19.exf5 Bxf5 20.Nce3 Bg6 21.h5 Be8 22.Ra2 Qg5
23.Nc7 Bd7 24.Ne6 Bxe6 25.Bxe6 Qf6 26.Bc4 e4 27.Nd5 Qg5 28.O-O Ne5 29.g3 Nf3+
30.Kg2 Qxh5 31.Rh1 Qg4 32.Rxa5 Rf5 33.Ne3 Bxe3 34.Rxf5 Qxf5 35.Qxe3 d5 36.Qa7
Rf8 37.Bb5 d4 38.Qe7 d3 39.Bd7 Qf7 40.Qxf7 Rxf7 41.Be6 Re7 42.Bd5 Ng5 43.c4 g6
44.b4 Kg7 45.b5 Kf6 46.b6 Ke5 47.b7 Re8 48.Ra1 Rb8 49.Ra8 d2 50.Rxb8 d1=Q 51.Rf8
Kd4 52.b8=Q Kd3 53.Bxe4+

[Event "CONTINENTAL FEMENINO AMERICA 2"]
[Site ""]
[Date "2009.09.02"]
[Round "2"]
[Board "1"]
[White "Tobar, Estefania"]
[Black "Romero Echeverria, Abigail"]
[Result "0-1"]
[WhiteElo "1840"]
[BlackElo "2064"]
[PlyCount "88"]
[EventDate "2009.09.01"]
[EventRounds "9"]
[EventCountry "COL"]

1.e4 c5 2.Nf3 e6 3.d4 cxd4 4.Nxd4 a6 5.Nc3 b5 6.f3 Bb7 7.Be3 Qc7 8.Qd2 Nf6 9.Be2
d5 10.exd5 Nxd5 11.Nxd5 Bxd5 12.O-O Bd6 13.h3 Nd7 14.Nf5 Be5 15.c3 Nb6 16.Bxb6
Qxb6+ 17.Qe3 Qxe3+ 18.Nxe3 Bb7 19.Rad1 Bf4 20.Kf2 Ke7 21.Rd3 Rhd8 22.Rfd1 Bc7
23.Rxd8 Bxd8 24.f4 Bb6 25.Bf3 Bxf3 26.Kxf3 a5 27.g4 Rc8 28.Rd2 b4 29.cxb4 axb4
30.Rc2 Rxc2 31.Nxc2 Bc5 32.Ke4 Kd6 33.Ne3 f6 34.h4 g6 35.Kd3 h5 36.g5 fxg5
37.fxg5 Ke5 38.a3 bxa3 39.bxa3 Kf4 40.Nc4 e5 41.a4 e4+ 42.Ke2 Kg4 43.Ne5+ Kxh4
44.Nd7 Kxg5

[Event "CONTINENTAL FEMENINO AMERICA 2"]
[Site ""]
[Date "2009.09.02"]
[Round "2"]
[Board "1"]
[White "Naipal, Victoria"]
[Black "Chumpitaz, Ann"]
[Result "0-1"]
[WhiteElo "1795"]
[BlackElo "2017"]
[PlyCount "108"]
[EventDate "2009.09.01"]
[EventRounds "9"]
[EventCountry "COL"]

1.d4 d5 2.c4 c6 3.Nf3 Nf6 4.Nc3 e6 5.e3 Bd6 6.Bd3 Nbd7 7.e4 dxc4 8.Bxc4 b5 9.Bd3
e5 10.d5 cxd5 11.Nxb5 Bb4+ 12.Bd2 Bxd2+ 13.Nxd2 O-O 14.exd5 Nxd5 15.Rc1 Ba6
16.Nb3 Nf4 17.g3 Nxd3+ 18.Qxd3 Rb8 19.a4 Nb6 20.Qxd8 Rfxd8 21.Nxa7 Bb7 22.Nc6
Bxc6 23.Rxc6 Nxa4 24.Nc5 Rxb2 25.O-O Rc2 26.Nb7 Rxc6 27.Nxd8 Rc8 28.Rd1 Kf8
29.Nb7 Ke7 30.Nd6 Rc6 31.Nf5+ Kf6 32.Ne3 Ke6 33.Kg2 g6 34.Ra1 Nb6 35.Re1 f5
36.f4 e4 37.Kf2 Nd7 38.Ke2 Ra6 39.Rc1 Ra2+ 40.Rc2 Rxc2+ 41.Nxc2 Nf6 42.h3 Nh5
43.Kf2 Kd5 44.Ne3+ Kd4 45.Ng2 Nf6 46.Ke2 Kc3 47.Ne3 Nh5 48.Nf1 Kd4 49.Kd2 e3+
50.Nxe3 Nxg3 51.Ng2 Ke4 52.Ke1 Nh5 53.Kf2 Nxf4 54.Nxf4 Kxf4

[Event "CONTINENTAL FEMENINO AMERICA 2"]
[Site ""]
[Date "2009.09.02"]
[Round "2"]
[Board "1"]
[White "Talavera, Ana"]
[Black "Mendoza Velazquez, Lorena Aleja"]
[Result "0-1"]
[WhiteElo "1607"]
[BlackElo "1973"]
[PlyCount "64"]
[EventDate "2009.09.01"]
[EventRounds "9"]
[EventCountry "COL"]

1.d4 Nf6 2.c4 c5 3.d5 d6 4.Nc3 g6 5.Nf3 Bg7 6.Bf4 Nh5 7.Bc1 O-O 8.e4 Nf6 9.h3 e6
10.Be2 exd5 11.cxd5 Re8 12.Qd3 b5 13.O-O b4 14.Nb5 Nxe4 15.Rb1 a6 16.Nxd6 Nxd6
17.Qd1 Bf5 18.Bd3 Nd7 19.Bf4 Ne5 20.Bxe5 Bxe5 21.Re1 Qf6 22.Rxe5 Rxe5 23.Nxe5
Qxe5 24.Bxf5 Nxf5 25.Qb3 Rd8 26.Qc4 Qxd5 27.Qxa6 c4 28.Rc1 Nh4 29.Kf1 Qxg2+
30.Ke2 Re8+ 31.Kd1 Qf3+ 32.Kc2 Qd3#

[Event "CONTINENTAL FEMENINO AMERICA 2"]
[Site ""]
[Date "2009.09.02"]
[Round "2"]
[Board "1"]
[White "Panesso Rivera, Jenny"]
[Black "Herrera, Wilene"]
[Result "1-0"]
[WhiteElo "1971"]
[BlackElo "1737"]
[PlyCount "89"]
[EventDate "2009.09.01"]
[EventRounds "9"]
[EventCountry "COL"]

1.e4 c5 2.c3 e6 3.d4 cxd4 4.cxd4 a6 5.Nc3 d6 6.d5 Nf6 7.Bg5 h6 8.Bxf6 Qxf6
9.Qa4+ Nd7 10.Nf3 Be7 11.Be2 O-O 12.O-O Nc5 13.Qc2 e5 14.b4 Nd7 15.Nd1 Qg6
16.Ne3 Bd8 17.a4 a5 18.bxa5 Nc5 19.Nxe5 Qxe4 20.Qxe4 Nxe4 21.N5c4 Bxa5 22.Rfc1
Bc3 23.Ra2 Bd4 24.Bf3 Bxe3 25.fxe3 Bf5 26.Nb6 Rad8 27.Rc7 Nc5 28.Nc4 b6 29.Nxb6
Rb8 30.a5 Rfe8 31.Kf2 Nd3+ 32.Ke2 Nc5 33.Rc6 Nb3 34.Kf2 g5 35.g4 Bc8 36.a6 Nc5
37.a7 Rxb6 38.Rxb6 Nd3+ 39.Kg3 Rxe3 40.a8=Q Ne1 41.Qxc8+ Kg7 42.Rf2 Nd3 43.Rb8
Nf4 44.Qh8+ Kg6 45.Rg8#